000 01005cam a22002897a 4500
020 _a9781603272094 (v. 2)
020 _a1603272097 (v. 2)
020 _a9781588297228 (v. 1. : alk. paper)
020 _a1588297225 (v. 1. book)
020 _a9781603270649 (v. 1. ebook)
020 _a1603270647 (v. 1. ebook)
040 _cUMM
082 0 0 _a572 HUM 2008 A081 Or.
245 0 0 _a2D PAGE :
_bsample preparation and fractionation /
246 3 3 _aTwo-dimensional PAGE sample preparation and fractionation
260 _aTotowa, NJ :
_bHumana Press,
_cc2008.
300 _a2 v. :
_bill. ;
_c25 cm.
490 1 _aMethods in molecular biology,
650 0 _aProteomics.
650 0 _aTwo-dimensional electrophoresis.
650 2 _aProteomics
650 2 _aElectrophoresis, Gel, Two-Dimensional
700 1 _aPosch, Anton.
856 4 2 _uhttp://www.loc.gov/catdir/enhancements/fy0825/2007942891-d.html
856 4 1 _uhttp://www.loc.gov/catdir/enhancements/fy0825/2007942891-t.html
942 _cEK
999 _c15768
_d15768